Southville International School and Colleges
Your cart is empty.
  • Cart
  • Lists
    Public lists Eva Luna New books Lux_list list_1
    Your lists Log in to create your own lists
  • Log in to your account
  • Your cookies
  • Search history
Southville International School and Colleges
  • Advanced search
  • Recent comments
  • Most popular
  • Libraries

Log in to your account

Log in with GOOGLE


If you do not have an external account, but do have a local account, you can still log in:

  1. Home
  2. MARC view: A midsummer night's dream /
Normal view MARC view ISBD view

A midsummer night's dream / (Record no. 337994)

[ view plain ]
MARC details
000 -LEADER
fixed length control field 00620nam a22001817a 4500
003 - CONTROL NUMBER IDENTIFIER
control field SISC
005 - DATE AND TIME OF LATEST TRANSACTION
control field 20170712144437.0
008 - FIXED-LENGTH DATA ELEMENTS--GENERAL INFORMATION
fixed length control field 170710b xxu||||| |||| 00| 0 eng d
020 ## - INTERNATIONAL STANDARD BOOK NUMBER
International Standard Book Number 9780743477543
050 ## - LIBRARY OF CONGRESS CALL NUMBER
Classification number PR 2827.A2
Item number .Sh527 1993
100 ## - MAIN ENTRY--PERSONAL NAME
Personal name Shakespeare, William.
245 ## - TITLE STATEMENT
Title A midsummer night's dream /
Statement of responsibility, etc William Shakespeare.
260 ## - PUBLICATION, DISTRIBUTION, ETC. (IMPRINT)
Place of publication, distribution, etc New York :
Name of publisher, distributor, etc Simon & Schuster Paperbacks,
Date of publication, distribution, etc 1993.
300 ## - PHYSICAL DESCRIPTION
Extent lii, 202 pages :
Other physical details illustrations ;
Dimensions 17 cm.
650 ## - SUBJECT ADDED ENTRY--TOPICAL TERM
Topical term or geographic name as entry element Shakespeare, William, -- 1564-1616. -- Midsummer night's dream.
650 ## - SUBJECT ADDED ENTRY--TOPICAL TERM
Topical term or geographic name as entry element Midsummer night's dream (Shakespeare, William).
942 ## - ADDED ENTRY ELEMENTS (KOHA)
Source of classification or shelving scheme Library of Congress Classification
Koha item type Books
Holdings
Withdrawn status Lost status Source of classification or shelving scheme Damaged status Home library Current library Shelving location Date acquired Source of acquisition Total Checkouts Total Renewals Full call number Barcode Date last seen Date checked out Price effective from Koha item type
    Library of Congress Classification   College Library College Library Fiction Section 07/10/2017 Donation 1 1 PR 2827.A2 .Sh527 1993 C21010 05/08/2018 09/19/2017 07/10/2017 Books

A midsummer night's dream /

APA

Shakespeare W., . (1993). A midsummer night's dream. New York: Simon & Schuster Paperbacks.

Chicago

Shakespeare William, . 1993. A midsummer night's dream. New York: Simon & Schuster Paperbacks.

Harvard

Shakespeare W., . (1993). A midsummer night's dream. New York: Simon & Schuster Paperbacks.

MLA

Shakespeare William, . A midsummer night's dream. New York: Simon & Schuster Paperbacks. 1993.

  • Place hold
  • Print
  • Cite
  • Add to your cart (remove)
  • Save record
    BIBTEX Dublin Core MARCXML MARC (non-Unicode/MARC-8) MARC (Unicode/UTF-8) MARC (Unicode/UTF-8, Standard) MODS (XML) RIS
  • More searches
    Search for this title in:
    Other Libraries (WorldCat) Other Databases (Google Scholar) Online Stores (Bookfinder.com) Open Library (openlibrary.org)

Exporting to Dublin Core...

SOUTHVILLE LIBRARY

Southville International School and Colleges Library

1281 Tropical Ave. Cor. Luxembourg St., BF Homes International, Las Pinas City

Tel. No. 8256374 / 252358 Loc. 117/146

Powered by Koha